| 000 | 00695nam a22002057a 4500 | ||
|---|---|---|---|
| 999 |
_c13201 _d13201 |
||
| 003 | OSt | ||
| 005 | 20190212132536.0 | ||
| 008 | 190212b ||||| |||| 00| 0 eng d | ||
| 040 | _cUM Digos College. | ||
| 082 |
_22018 _a1207 _bI24 |
||
| 100 | _4Ignacio, Vincent D. | ||
| 245 |
_aWater analysis of shallow welln in Aplaya, Digos City/ _cVincent I. Ignacio, Alberto Sarte Jr. and Irish E. Cuarez. |
||
| 260 |
_aDigos City: _bUMDC _cNovember 2018. |
||
| 300 |
_a51 pages. _c30 cm. |
||
| 650 |
_aEducation _vBiological Science _xUndergraduate thesis. _936913 |
||
| 700 |
_aIgnacio, Vincent I. _936914 |
||
| 700 |
_aSarte, Alberto Jr. _936915 |
||
| 700 |
_aCuarez, Irish E. _936916 |
||
| 942 |
_2ddc _cUT |
||